|
|
|
|
| LEADER |
00784cam a2200205 7i4500 |
| 001 |
0000002721 |
| 005 |
19991025090000.0 |
| 002 |
##000003978 |
| 020 |
0 |
0 |
|a 967-947-192-6
|
| 090 |
0 |
0 |
|a M 320.95
|b MAK
|
| 245 |
0 |
4 |
|a The making of security community in the Asia-Pacific :
|b proceedings of the Seventh Asia-Pacific Roundtable ( 1993 Jun. 6-7 : Kuala Lumpur )
|c edited by Bunn Nagara and K.S Balakrishnan.
|
| 260 |
0 |
0 |
|a Kuala Lumpur:
|b ISIS Malaysia,
|c 1994.
|
| 300 |
0 |
0 |
|a 350p.
|
| 650 |
0 |
0 |
|a Security, International --
|z Asia
|
| 650 |
0 |
0 |
|a Security, International --
|z Pacific
|
| 651 |
0 |
0 |
|a Asia --
|x Politic conditions
|
| 651 |
0 |
0 |
|a Pacific --
|x Politic conditions
|
| 700 |
0 |
1 |
|a Bunn Nagara
|
| 700 |
1 |
1 |
|a Balakrishnan,
|h K.S
|
| 999 |
|
|
|a 000004207
|b Book
|c Open shelf
|e Business Information Centre
|